| 000 | 00338nam a22001337a 4500 | ||
|---|---|---|---|
| 020 | _qHB. | ||
| 040 | _cFIZZA ISHAQ | ||
| 082 |
_a623.881 _bDAN |
||
| 100 |
_aPARROT, DANIEL. _988796 |
||
| 245 |
_aBRIDGE RESOURCE MANAGEMENT FOR SMALL SHIPS / _cDANIEL PARROT. |
||
| 250 | _a1st ED. | ||
| 260 |
_aLONDON ; _bWILEY, _c2011. |
||
| 942 |
_2ddc _cBK |
||
| 999 |
_c587781 _d587781 |
||